The Language Police (Record no. 35914)

MARC details
000 -LEADER
fixed length control field 00407nam a2200181Ia 4500
020 ## - INTERNATIONAL STANDARD BOOK NUMBER
ISBN 0-375-41482-7
050 ## - CALL MARK
Classification number LB3045.7.R38
100 ## - STATEMENT OF RESPONSIBILITY--MAIN AUTHOR NAME
Personal name Diane Ravitch
245 #4 - TITLE STATEMENT
Title The Language Police
260 ## - PUBLICATION, DISTRIBUTION, ETC. (IMPRINT)
Place of publication New York
260 ## - PUBLICATION, DISTRIBUTION, ETC. (IMPRINT)
Name of publisher Alied A. Knope
260 ## - PUBLICATION, DISTRIBUTION, ETC. (IMPRINT)
Year of publication 2003
300 ## - PHYSICAL DESCRIPTION
Number of Pages 255 p
650 ## - SUBJECT ADDED ENTRY--TOPICAL TERM
Topical Term Censorship
942 ## - ADDED ENTRY ELEMENTS (KOHA)
Koha item type Books
Holdings
Withdrawn status Lost status Source of classification or shelving scheme Damaged status Not for loan Permanent Location Current Location Date acquired Accession Number Price effective from Koha item type
    Library of Congress Classification     NILE UNIVERSITY OF NIGERIA - MAIN LIBRARY NILE UNIVERSITY OF NIGERIA - MAIN LIBRARY 04/23/2025 0005086 04/23/2025 Books